| 000 | 01691cam a2200289 4500 | ||
|---|---|---|---|
| 001 | X125897 | ||
| 008 | 040421n2004 000 0 eng u | ||
| 035 | _a(Sirsi) u125897 | ||
| 100 | _aWalker, B | ||
| 245 | 4 | _aThe coalfields twenty years on | |
| 260 | _c2004 | ||
| 490 |
_aRegeneration and Renewal _v9 April 2004, 20-23 (4) |
||
| 520 | _aSpecial report looks at the attempts by government to address the decline of Britain's former coalfield towns. Finds that more than 10 000 jobs have been created in the Dearne Valley alone, with the vast majority of new jobs being in the retail, distribution or telephone services. Good local transport infrastructure is also mentioned as being a key factor in successful regeneration throughout the region. However, employment rates throughout the coalfield areas are nearly 20% below the national average and the author concludes that so far at least coalfield regeneration has not been a success. Summarises the ODPM Select Committee report "Coalfields communities". View the report at www.publications.parliament.uk. | ||
| 590 | _aABS | ||
| 590 | _aABS | ||
| 650 | _aDONCASTER | ||
| 650 | _aMINING | ||
| 650 | _aCOALFIELDS | ||
| 650 | _aSUNDERLAND | ||
| 650 | _aCOALFIELDS REGENERATION PROGRAMME | ||
| 650 | _aCOALFIELDS REGENERATION TRUST | ||
| 650 | _aDEARNE VALLEY | ||
| 690 | _aREGENERATION | ||
| 856 |
_uhttps://www.publications.parliament.uk/pa/cm200304/cmselect/cmodpm/44/4402.htm _zView "Coalfields communities" on the UK Parliament website... |
||
| 856 |
_uhttps://www.publications.parliament.uk/pa/cm200304/cmselect/cmodpm/44/4402.htm _zView "Coalfields communities" on the UK Parliament website... |
||
| 942 | _n0 | ||
| 999 |
_c117225 _d117225 |
||